(Actualisé) Le meilleur buteur du FC Nantes par saison (1994-2022) - Statistiques

Statistiques générales
  • Ce quiz a été pris 292 fois
    166 depuis la dernière actualisation
  • Le résultat moyen est 11 sur 28
Statistiques - réponses
Hint Réponse % Correct
2016-2017 Emiliano Sala
95%
2017-2018 Emiliano Sala
95%
2018-2019 Emiliano Sala
95%
2020-2021 Ludovic Blas
83%
2019-2020 Moses Simon
70%
2010-2011 Filip Djordjevic
61%
2012-2013 Filip Djordjevic
61%
2013-2014 Filip Djordjevic
61%
1994-1995 Nicolas Ouédec
51%
2003-2004 Viorel Moldovan
43%
1995-1996 Japhet N'Doram
39%
1996-1997 Japhet N'Doram
39%
2001-2002 Marama Vahirua
36%
2002-2003 Marama Vahirua
36%
2014-2015 Jordan Veretout
33%
1998-1999 Olivier Monterrubio
27%
2000-2001 Olivier Monterrubio
27%
2006-2007 Mamadou Diallo / Claudio Keserü / Dimitri Payet
26%
2015-2016 Adryan
17%
2005-2006 Mamadou Diallo
14%
2007-2008 Mamadou Bagayoko / Nicolas Goussé
9%
2011-2012 Sylvain Wiltord
8%
1999-2000 Antoine Sibierski
7%
2004-2005 Mamadou Bagayoko
7%
2008-2009 Mamadou Bagayoko
7%
1997-1998 Jocelyn Gourvennec
6%
2021-2022 Ludovic Blas
2%
2009-2010 Tenema N'Diaye
1%
Aucun quiz correspondant
Distribution des résultats
% des personnes avec chaque résultat
Percentile par nombre de réponses
Votre historique - résultats
Vous n’avez pas pris ce quiz depuis la dernière actualisation